000 00968 a2200217 4500
999 _c3662
_d3662
020 _a9781571103109
050 0 0 _aLB 1573.7 HAR 2000
100 1 _aHarvey, Stephanie
245 1 0 _aStrategies that work :
_bteaching comprehension to enhance understanding /
_cStephanie Harvey, Anne Goudvis ; foreword by Donald Graves.
264 _aCanada:
_bStenhouse Publishers,
_c2000
300 _axiii, 322 p. :
_bill.
500 _aIncludes bibliographical references (p. 297-314).
504 _aIncludes bibliographical references (p. 297-314).
650 0 _aReading comprehension.
650 0 _aReading (Elementary)
650 0 _aThought and thinking
_xStudy and teaching (Elementary)
650 0 _aChildren
_xBooks and reading.
700 1 _aGoudvis, Anne
_eAuthor
942 _2lcc
_cBK
_h1573.7
_iHAR
_kLB